[Event "Rilton Cup 35th"]
[Site "Stockholm"]
[Date "2006.01.03"]
[Round "7"]
[White "Fontaine, Robert"]
[Black "Rozentalis, Eduardas"]
[Result "1/2-1/2"]
[WhiteElo "2507"]
[BlackElo "2585"]
[PlyCount "62"]
[EventDate "2005.12.27"]
[EventType "swiss"]
[EventRounds "9"]
[EventCountry "SWE"]
[Source "ChessBase"]
[SourceDate "2006.03.10"]

1. d4 Nf6 2. c4 e6 3. Nf3 b6 4. g3 Bb7 5. Bg2 Be7 6. O-O O-O 7. Re1 Na6 8. Nc3
Ne4 9. Bd2 d5 10. cxd5 exd5 11. Ne5 c5 12. e3 Bf6 13. Nxe4 dxe4 14. Bc3 Nb4 15.
Bxb4 cxb4 16. Rc1 Re8 17. Nc6 Qd6 18. Qa4 b3 19. axb3 Re6 20. Nb4 a6 21. Na2 b5
22. Qb4 Qxb4 23. Nxb4 Be7 24. Na2 f5 25. Bh3 g6 26. Nc3 Rf8 27. Ne2 g5 28. Rc7
Bd5 29. Rd7 Bb4 30. Rc1 Bxb3 31. d5 Re7 1/2-1/2

[Event "Rilton Cup 35th"]
[Site "Stockholm"]
[Date "2006.01.05"]
[Round "9"]
[White "Ivanov, Sergey1"]
[Black "Rozentalis, Eduardas"]
[Result "1/2-1/2"]
[WhiteElo "2538"]
[BlackElo "2585"]
[PlyCount "27"]
[EventDate "2005.12.27"]
[EventType "swiss"]
[EventRounds "9"]
[EventCountry "SWE"]
[Source "ChessBase"]
[SourceDate "2006.03.10"]

1. d4 Nf6 2. c4 e6 3. Nf3 b6 4. Nc3 Bb7 5. Bg5 Be7 6. Qc2 h6 7. Bh4 d5 8. cxd5
Nxd5 9. Bxe7 Qxe7 10. e3 O-O 11. Be2 c5 12. O-O Nd7 13. Nxd5 Bxd5 14. dxc5
1/2-1/2

[Event "Hastings Masters op"]
[Site "Hastings"]
[Date "2006.01.05"]
[Round "9"]
[White "Gagunashvili, Merab"]
[Black "Belov, Vladimir"]
[Result "1-0"]
[WhiteElo "2542"]
[BlackElo "2620"]
[PlyCount "119"]
[EventDate "2005.12.28"]
[EventType "swiss"]
[EventRounds "10"]
[EventCountry "ENG"]
[Source "ChessBase"]
[SourceDate "2006.03.10"]

1. d4 Nf6 2. Nf3 e6 3. c4 b6 4. g3 Ba6 5. Nbd2 Bb7 6. Bg2 c5 7. e4 cxd4 8. O-O
d6 9. Nxd4 a6 10. Re1 Qc7 11. a4 Nbd7 12. a5 Rc8 13. Qe2 g6 14. N4b3 Bg7 15.
axb6 Qxb6 16. Na5 Ba8 17. Ndb3 O-O 18. Bf4 Nc5 19. Nxc5 dxc5 20. e5 Nd7 21.
Red1 Qc7 22. Rd6 Bxg2 23. Kxg2 Nb8 24. Qe4 Rfd8 25. Nb7 Rxd6 26. Nxd6 Rd8 27.
Qb7 Qc6+ 28. Qxc6 Nxc6 29. Rxa6 Nxe5 30. Ra7 Rf8 31. b3 Nd3 32. Be3 Bd4 33. Bh6
Rb8 34. Nxf7 Nxf2 35. Bf4 Re8 36. Nh6+ Kh8 37. Be5+ Bxe5 38. Nf7+ Kg8 39. Nxe5
Ne4 40. Nd7 Rc8 41. h4 h6 42. Kf3 Nd2+ 43. Kf4 Nxb3 44. Nf6+ Kf8 45. Nh7+ Kg8
46. Nf6+ Kf8 47. Rh7 Rd8 48. Rxh6 Rd3 49. g4 Nd2 50. Rxg6 Rd4+ 51. Kg5 Nf3+ 52.
Kh5 Rxc4 53. Nh7+ Ke7 54. Ng5 Nxg5 55. Kxg5 Rc1 56. h5 c4 57. h6 c3 58. Rg8 c2
59. Rc8 Kd7 60. Rc3 1-0

[Event "Basel Hilton op 8th"]
[Site "Basel"]
[Date "2006.01.04"]
[Round "4"]
[White "Malakhatko, Vadim"]
[Black "Sokolov, Andrei"]
[Result "1-0"]
[WhiteElo "2556"]
[BlackElo "2632"]
[PlyCount "91"]
[EventDate "2006.01.01"]
[EventType "swiss"]
[EventRounds "7"]
[EventCountry "SUI"]
[Source "ChessBase"]
[SourceDate "2006.03.10"]

1. d4 Nf6 2. c4 e6 3. Nf3 b6 4. g3 Ba6 5. b3 Bb4+ 6. Bd2 Be7 7. Nc3 O-O 8. Qc2
d5 9. cxd5 exd5 10. Bh3 c5 11. O-O Nc6 12. Be3 Bc8 13. Bg2 Be6 14. Rad1 Rc8 15.
dxc5 bxc5 16. Ng5 Nd4 17. Qb2 Ng4 18. Nxe6 fxe6 19. Bd2 Qe8 20. h3 Ne5 21. f4
Nec6 22. e4 dxe4 23. Nxe4 Qg6 24. Kh2 e5 25. Qc1 Kh8 26. Qc4 exf4 27. Bxf4 Nb4
28. Rd2 Qh5 29. Rdf2 Qg6 30. Rd2 h6 31. a3 Nbc6 32. Nxc5 Bg5 33. Rxd4 Nxd4 34.
Qxd4 Bxf4 35. Rxf4 Rfd8 36. Qf2 a5 37. b4 axb4 38. axb4 Qb1 39. h4 Re8 40. Qd2
Rcd8 41. Rd4 Rb8 42. Nd3 Red8 43. Rxd8+ Rxd8 44. Be4 Re8 45. Qf2 Qd1 46. Ne5
1-0

[Event "Bad Zwesten op 10th"]
[Site "Bad Zwesten"]
[Date "2006.01.06"]
[Round "7"]
[White "Shneider, Aleksandr"]
[Black "Van den Doel, Erik"]
[Result "1/2-1/2"]
[WhiteElo "2529"]
[BlackElo "2582"]
[PlyCount "88"]
[EventDate "2006.01.02"]
[EventType "swiss"]
[EventRounds "9"]
[EventCountry "GER"]
[Source "ChessBase"]
[SourceDate "2006.03.10"]

1. d4 Nf6 2. c4 e6 3. Nf3 b6 4. g3 Ba6 5. b3 Bb4+ 6. Bd2 Be7 7. Bg2 c6 8. Bc3
d5 9. Nbd2 O-O 10. Ne5 c5 11. dxc5 Bxc5 12. O-O Bb7 13. Qc2 Qe7 14. Rad1 Na6
15. Ba1 Rac8 16. Qb1 Rfd8 17. cxd5 Bxd5 18. Ne4 Nxe4 19. Bxe4 Bxe4 20. Qxe4 Nb4
21. Qg4 f6 22. Rxd8+ Rxd8 23. a3 fxe5 24. axb4 Bxb4 25. Bxe5 Bc5 26. e3 a5 27.
Rc1 Qf7 28. Rd1 Rxd1+ 29. Qxd1 h6 30. Bc3 Qf5 31. h4 Qd5 32. Qxd5 exd5 33. h5
Be7 34. Kf1 Bf6 35. Bd2 Kf7 36. Ke2 g6 37. hxg6+ Kxg6 38. g4 h5 39. gxh5+ Kxh5
40. Kd3 Kg6 41. e4 dxe4+ 42. Kxe4 Bd8 43. Kd5 b5 44. Kc6 a4 1/2-1/2

[Event "Keres mem rap"]
[Site "Tallinn"]
[Date "2006.01.07"]
[Round "1"]
[White "Kosyrev, Vladimir"]
[Black "Karpov, Anatoly"]
[Result "1/2-1/2"]
[WhiteElo "2530"]
[BlackElo "2672"]
[PlyCount "129"]
[EventDate "2006.01.07"]
[EventType "tourn (rapid)"]
[EventRounds "9"]
[EventCountry "EST"]
[EventCategory "14"]
[Source "ChessBase"]
[SourceDate "2006.03.10"]

1. d4 Nf6 2. c4 e6 3. Nf3 b6 4. e3 Bb7 5. Bd3 d5 6. b3 c5 7. O-O cxd4 8. exd4
Nc6 9. Bb2 Be7 10. Nbd2 Nb4 11. Bb1 O-O 12. Qe2 Rc8 13. a3 Nc6 14. Bd3 Bd6 15.
Rfd1 Bf4 16. c5 bxc5 17. dxc5 a5 18. Bb5 Qe7 19. b4 axb4 20. axb4 Nxb4 21. Ra4
Bxd2 22. Qxd2 Nc6 23. Qc3 Rfd8 24. Bxc6 Bxc6 25. Rg4 Kf8 26. Rh4 h6 27. Ne5 Ke8
28. Qg3 Kf8 29. Qf4 Ke8 30. Qg3 Kf8 31. Rf4 d4 32. Rfxd4 Rxd4 33. Bxd4 Kg8 34.
h3 Be8 35. Rc1 Qd8 36. Qe3 Nd5 37. Qf3 Qg5 38. Rb1 Qd2 39. Qd1 Qg5 40. Rb7 f6
41. Nf3 Qf5 42. Nh4 Qe4 43. Qg4 Qxg4 44. hxg4 Bc6 45. Ra7 Nf4 46. Be3 Nd5 47.
Ng6 Ra8 48. Ne7+ Nxe7 49. Rxe7 Bd5 50. f3 Ra2 51. Bf4 e5 52. Be3 Re2 53. Bf2
Rc2 54. Rd7 Bc6 55. Rc7 Be8 56. Re7 Kf8 57. Rc7 Bf7 58. Rc8+ Be8 59. Rc7 Kg8
60. Rc8 Kf7 61. Rc7+ Kg6 62. Be3 Bb5 63. Bf2 Be2 64. Re7 Bd3 65. Be3 1/2-1/2

[Event "Keres mem rap"]
[Site "Tallinn"]
[Date "2006.01.07"]
[Round "1"]
[White "Vitiugov, Nikita"]
[Black "Shirov, Alexei"]
[Result "1-0"]
[WhiteElo "2538"]
[BlackElo "2710"]
[PlyCount "59"]
[EventDate "2006.01.07"]
[EventType "tourn (rapid)"]
[EventRounds "9"]
[EventCountry "EST"]
[EventCategory "14"]
[Source "ChessBase"]
[SourceDate "2006.03.10"]

1. d4 Nf6 2. c4 e6 3. Nf3 b6 4. a3 Bb7 5. Nc3 g6 6. Qc2 Bxf3 7. exf3 Bg7 8. Bg5
h6 9. Be3 d5 10. O-O-O O-O 11. h4 Nc6 12. g4 dxc4 13. Bxc4 Na5 14. Ba2 Nd5 15.
Nxd5 exd5 16. f4 c5 17. dxc5 d4 18. Bxd4 Bxd4 19. Qxg6+ Kh8 20. Qxh6+ Kg8 21.
g5 Qc7 22. g6 Qxc5+ 23. Kd2 Be3+ 24. fxe3 Nc4+ 25. Bxc4 Rfd8+ 26. Kc2 Qxc4+ 27.
Kb1 Qe4+ 28. Ka1 fxg6 29. Rdg1 Kf7 30. h5 1-0

[Event "Keres mem rap"]
[Site "Tallinn"]
[Date "2006.01.07"]
[Round "2"]
[White "Kosyrev, Vladimir"]
[Black "Yemelin, Vasily"]
[Result "1/2-1/2"]
[WhiteElo "2530"]
[BlackElo "2529"]
[PlyCount "81"]
[EventDate "2006.01.07"]
[EventType "tourn (rapid)"]
[EventRounds "9"]
[EventCountry "EST"]
[EventCategory "14"]
[Source "ChessBase"]
[SourceDate "2006.03.10"]

1. d4 Nf6 2. c4 e6 3. Nf3 b6 4. e3 Bb7 5. Bd3 d5 6. b3 Be7 7. O-O O-O 8. Bb2 c5
9. Qe2 Nc6 10. Nbd2 cxd4 11. exd4 Nb4 12. Bb1 Rc8 13. a3 Nc6 14. Bd3 Re8 15.
Rfd1 Bd6 16. Ne5 dxc4 17. bxc4 Bf8 18. Ndf3 g6 19. Ng5 Nxe5 20. dxe5 Nd7 21.
Qg4 Qc7 22. Qf4 f5 23. Bc2 Nc5 24. Rd6 h6 25. Nh3 Qg7 26. Rd2 Red8 27. Rad1
Rxd2 28. Qxd2 g5 29. f3 Qc7 30. Nf2 Be7 31. Qc3 Rd8 32. Rd6 Kf7 33. Rxd8 Qxd8
34. g4 f4 35. Kg2 Bf8 36. Ba1 Qd7 37. h4 Ke8 38. hxg5 hxg5 39. Bb1 Kd8 40. Qc2
Qc6 41. Qe2 1/2-1/2

[Event "Keres mem rap"]
[Site "Tallinn"]
[Date "2006.01.08"]
[Round "5"]
[White "Ivanchuk, Vassily"]
[Black "Karpov, Anatoly"]
[Result "1/2-1/2"]
[WhiteElo "2748"]
[BlackElo "2672"]
[PlyCount "74"]
[EventDate "2006.01.07"]
[EventType "tourn (rapid)"]
[EventRounds "9"]
[EventCountry "EST"]
[EventCategory "14"]
[Source "ChessBase"]
[SourceDate "2006.03.10"]

1. d4 Nf6 2. c4 e6 3. Nf3 b6 4. g3 Ba6 5. Nbd2 d5 6. Bg2 Be7 7. O-O O-O 8. cxd5
Nxd5 9. Ne5 Bb7 10. Ndc4 c5 11. dxc5 Bxc5 12. Nd3 Na6 13. Nxc5 Nxc5 14. Bd2 Nf6
15. Bxb7 Nxb7 16. Rc1 Qd5 17. Be3 b5 18. Qxd5 Nxd5 19. Ne5 f6 20. Nd3 Nxe3 21.
fxe3 Rfc8 22. a4 bxa4 23. Rxc8+ Rxc8 24. Rf4 a3 25. bxa3 Nd6 26. Ra4 Rc7 27.
Ra6 Nc4 28. Rxe6 Nxa3 29. Ra6 Nc4 30. e4 Re7 31. Kf2 Nd2 32. Nc5 Re5 33. Ke1
Rxc5 34. Kxd2 Rc7 35. Ke3 Re7 36. g4 Kf7 37. h4 h6 1/2-1/2

[Event "Keres mem rap"]
[Site "Tallinn"]
[Date "2006.01.08"]
[Round "8"]
[White "Vitiugov, Nikita"]
[Black "Berg, Emanuel"]
[Result "1/2-1/2"]
[WhiteElo "2538"]
[BlackElo "2540"]
[PlyCount "93"]
[EventDate "2006.01.07"]
[EventType "tourn (rapid)"]
[EventRounds "9"]
[EventCountry "EST"]
[EventCategory "14"]
[Source "ChessBase"]
[SourceDate "2006.03.10"]

1. d4 e6 2. c4 Nf6 3. Nf3 b6 4. a3 Ba6 5. Qc2 Bb7 6. Nc3 c5 7. e4 cxd4 8. Nxd4
Bc5 9. Nb3 Nc6 10. Bg5 h6 11. Bh4 O-O 12. O-O-O Rc8 13. Kb1 Be7 14. Bg3 d6 15.
e5 Nd7 16. exd6 Bf6 17. Ne4 Nce5 18. Rd4 b5 19. c5 Bd5 20. Bxb5 Bxb3 21. Qxb3
Nxc5 22. Nxc5 Rxc5 23. Rhd1 Qb6 24. Ba4 Nc4 25. Qxb6 axb6 26. b4 Nxa3+ 27. Ka2
Rc4 28. Rxc4 Nxc4 29. d7 b5 30. d8=Q Rxd8 31. Rxd8+ Bxd8 32. Bxb5 Nb6 33. Kb3
f6 34. Bd6 Kf7 35. Bc6 e5 36. b5 Be7 37. Bb4 Ke6 38. h4 g5 39. h5 Bxb4 40. Kxb4
Kd6 41. Be4 Nd7 42. g4 Nb6 43. f3 Nd7 44. Bg6 Nb6 45. Be4 Nd7 46. Bc6 Nb6 47.
Be4 1/2-1/2

[Event "Keres mem-A"]
[Site "Tallin"]
[Date "2006.01.08"]
[Round "1"]
[White "Vitiugov, Nikita"]
[Black "Kulaots, Kaido"]
[Result "1/2-1/2"]
[WhiteElo "2573"]
[BlackElo "2558"]
[PlyCount "23"]
[EventDate "2006.01.08"]
[EventType "tourn"]
[EventRounds "9"]
[EventCountry "EST"]
[EventCategory "10"]
[Source "ChessBase"]
[SourceDate "2006.03.10"]

1. d4 Nf6 2. c4 e6 3. Nf3 b6 4. a3 Bb7 5. Nc3 d5 6. cxd5 Nxd5 7. Bd2 Nd7 8.
Nxd5 Bxd5 9. Qc2 Bb7 10. e4 Rc8 11. Bc3 Be7 12. Rd1 1/2-1/2

[Event "Keres mem-A"]
[Site "Tallin"]
[Date "2006.01.12"]
[Round "8"]
[White "Vitiugov, Nikita"]
[Black "Sulskis, Sarunas"]
[Result "0-1"]
[WhiteElo "2573"]
[BlackElo "2504"]
[PlyCount "100"]
[EventDate "2006.01.08"]
[EventType "tourn"]
[EventRounds "9"]
[EventCountry "EST"]
[EventCategory "10"]
[Source "ChessBase"]
[SourceDate "2006.03.10"]

1. d4 Nf6 2. c4 e6 3. Nf3 b6 4. a3 Bb7 5. Nc3 d5 6. Bg5 Be7 7. Qa4+ Qd7 8. Qb3
dxc4 9. Qxc4 O-O 10. Rc1 c5 11. dxc5 Rc8 12. Rd1 Qe8 13. Qa4 Nbd7 14. e3 Bc6
15. Qf4 bxc5 16. Bd3 Rab8 17. Rd2 h6 18. Bxf6 Bxf6 19. O-O Bxc3 20. bxc3 e5 21.
Qf5 g6 22. Qg4 Nf6 23. Qg3 Bxf3 24. Qxf3 Kg7 25. Bc4 Rd8 26. Rxd8 Qxd8 27. h3
Rb6 28. Rd1 Qb8 29. a4 Rb1 30. Bb5 Rb2 31. Qc6 Qb6 32. Qxb6 axb6 33. f3 e4 34.
Rd6 h5 35. h4 Rb3 36. c4 Rxe3 37. Rxb6 exf3 38. gxf3 Rxf3 39. a5 Ra3 40. a6 Ra2
41. Rb7 Ng4 42. Rc7 Ne5 43. Rxc5 Nf3+ 44. Kf1 Nxh4 45. Rc8 Nf5 46. c5 h4 47.
Rc7 Ne3+ 48. Ke1 h3 49. Re7 h2 50. Bc6 Ng2+ 0-1

[Event "Nova Gorica op 11th"]
[Site "Nova Gorica"]
[Date "2006.01.29"]
[Round "5"]
[White "Kozul, Zdenko"]
[Black "Epishin, Vladimir"]
[Result "1-0"]
[WhiteElo "2600"]
[BlackElo "2553"]
[PlyCount "48"]
[EventDate "2006.01.27"]
[EventType "swiss"]
[EventRounds "9"]
[EventCountry "SLO"]
[Source "ChessBase"]
[SourceDate "2006.03.10"]

1. d4 Nf6 2. c4 e6 3. Nf3 b6 4. a3 Bb7 5. Nc3 d5 6. cxd5 Nxd5 7. e3 g6 8. Bb5+
c6 9. Bd3 Bg7 10. Na4 Na6 11. e4 Ndc7 12. Be3 Nb5 13. Bxb5 cxb5 14. Nc3 O-O 15.
h4 h5 16. Qb3 Nc7 17. O-O a6 18. Rad1 Qd6 19. Rfe1 Rfe8 20. Bg5 Rac8 21. Ne2 a5
22. Be3 Na6 23. Bf4 Qd7 24. Ne5 Qe7 1-0

[Event "Corus-B"]
[Site "Wijk aan Zee"]
[Date "2006.01.15"]
[Round "2"]
[White "Beliavsky, Alexander G"]
[Black "Naiditsch, Arkadij"]
[Result "0-1"]
[WhiteElo "2626"]
[BlackElo "2657"]
[PlyCount "78"]
[EventDate "2006.01.14"]
[EventType "tourn"]
[EventRounds "13"]
[EventCountry "NED"]
[EventCategory "15"]
[Source "ChessBase"]
[SourceDate "2006.04.04"]

1. d4 Nf6 2. c4 e6 3. Nf3 b6 4. g3 Ba6 5. Qa4 Be7 6. Bg2 O-O 7. Nc3 c6 8. Bf4
Qc8 9. Rc1 Qb7 10. Ne5 d5 11. cxd5 cxd5 12. b4 b5 13. Qb3 Rc8 14. O-O Nc6 15.
Nxc6 Rxc6 16. e4 Rc4 17. exd5 Nxd5 18. Nxd5 exd5 19. a3 Qc6 20. Rce1 Bf8 21.
Re5 Rd8 22. Rfe1 Bc8 23. Qe3 Rc3 24. Qd2 Rxa3 25. Rc1 Qb7 26. Qe1 Be6 27. Bg5
Rd6 28. f4 g6 29. f5 gxf5 30. Bf6 Bh6 31. g4 fxg4 32. Rc5 Bf4 33. Qh4 Ra1+ 34.
Bf1 h6 35. Qf2 Bxe5 36. dxe5 Rda6 37. Qd2 d4 38. Qxh6 Rxf1+ 39. Kxf1 Ra1+ 0-1

[Event "Corus-B"]
[Site "Wijk aan Zee"]
[Date "2006.01.15"]
[Round "2"]
[White "Jobava, Baadur"]
[Black "Navara, David"]
[Result "1/2-1/2"]
[WhiteElo "2614"]
[BlackElo "2660"]
[PlyCount "108"]
[EventDate "2006.01.14"]
[EventType "tourn"]
[EventRounds "13"]
[EventCountry "NED"]
[EventCategory "15"]
[Source "ChessBase"]
[SourceDate "2006.04.04"]

1. d4 Nf6 2. c4 e6 3. Nf3 b6 4. Nc3 Bb7 5. a3 d5 6. Bg5 Be7 7. Qa4+ c6 8. cxd5
Nxd5 9. Bxe7 Nxc3 10. Qxc6+ Nxc6 11. Bxd8 Nb5 12. Bg5 Nbxd4 13. Nxd4 Nxd4 14.
Rc1 O-O 15. e3 Nf5 16. Rc7 Bd5 17. Bd3 f6 18. e4 fxg5 19. exd5 exd5 20. O-O Nd6
21. Re1 Rf7 22. Rxf7 Kxf7 23. Bxh7 Re8 24. Rxe8 Nxe8 25. Bd3 Nd6 26. b3 Ke6 27.
Kf1 Ke5 28. Ke2 Kd4 29. Kd2 g4 30. f3 gxf3 31. gxf3 g5 32. Bg6 a5 33. a4 Nb7
34. Bc2 Nc5 35. Bd1 Ne6 36. Be2 Nc5 37. Bd1 Ne6 38. Be2 Ke5 39. Bd1 d4 40. Kd3
Nf4+ 41. Kc4 d3 42. h3 Kf6 43. Kd4 Kf5 44. Kc3 Kf6 45. Kd4 Kg6 46. Kc4 Kh5 47.
b4 axb4 48. Bb3 d2 49. Kxb4 Nd5+ 50. Kb5 Kh4 51. Kc6 Nc3 52. Kxb6 Nxa4+ 53.
Bxa4 Kxh3 54. Kc5 g4 1/2-1/2

[Event "Corus-B"]
[Site "Wijk aan Zee"]
[Date "2006.01.29"]
[Round "13"]
[White "Jobava, Baadur"]
[Black "Naiditsch, Arkadij"]
[Result "1-0"]
[WhiteElo "2614"]
[BlackElo "2657"]
[PlyCount "71"]
[EventDate "2006.01.14"]
[EventType "tourn"]
[EventRounds "13"]
[EventCountry "NED"]
[EventCategory "15"]
[Source "ChessBase"]
[SourceDate "2006.04.04"]

1. d4 Nf6 2. c4 e6 3. Nf3 b6 4. Nc3 Bb7 5. a3 d5 6. cxd5 Nxd5 7. e3 Be7 8. Bb5+
c6 9. Bd3 O-O 10. O-O c5 11. e4 cxd4 12. Nxd5 exd5 13. e5 Nd7 14. Re1 Re8 15.
b4 a5 16. Nxd4 Bf8 17. e6 fxe6 18. Nxe6 Qf6 19. Bg5 Qf7 20. Qg4 Bd6 21. Qh4 h6
22. Nxg7 Qxg7 23. Bxh6 Qf7 24. Qg4+ Kh8 25. Qh4 Kg8 26. Qg5+ Kh8 27. Bg6 Rxe1+
28. Rxe1 Qg8 29. Re3 Bf4 30. Qh4 Qxg6 31. Bxf4+ Qh7 32. Qxh7+ Kxh7 33. Re7+ Kg6
34. Rxd7 axb4 35. Rxb7 bxa3 36. g4 1-0

[Event "FRA-chT Top 16 GpA"]
[Site "Montpellier"]
[Date "2006.03.31"]
[Round "5"]
[White "Cramling, Pia"]
[Black "Sokolov, Andrei"]
[Result "1/2-1/2"]
[WhiteElo "2515"]
[BlackElo "2632"]
[PlyCount "43"]
[EventDate "2006.03.03"]
[EventType "team"]
[EventRounds "11"]
[EventCountry "FRA"]
[Source "ChessBase"]
[SourceDate "2006.05.09"]

1. d4 Nf6 2. Nf3 e6 3. c4 b6 4. g3 Ba6 5. Qb3 Nc6 6. Nbd2 d5 7. Bg2 Bb7 8. O-O
Bd6 9. cxd5 exd5 10. Nb1 O-O 11. Nc3 Na5 12. Qc2 c5 13. Bg5 h6 14. Bxf6 Qxf6
15. Rad1 Rac8 16. Qb1 Nc4 17. Nh4 cxd4 18. Nxd5 Bxd5 19. Bxd5 b5 20. Nf5 Be5
21. b3 Nb6 22. Be4 1/2-1/2

[Event "FRA-chT Top 16 GpA"]
[Site "Montpellier"]
[Date "2006.04.01"]
[Round "6"]
[White "Cramling, Pia"]
[Black "Lautier, Joel"]
[Result "0-1"]
[WhiteElo "2515"]
[BlackElo "2682"]
[PlyCount "90"]
[EventDate "2006.03.03"]
[EventType "team"]
[EventRounds "11"]
[EventCountry "FRA"]
[Source "ChessBase"]
[SourceDate "2006.05.09"]

1. d4 Nf6 2. Nf3 e6 3. c4 b6 4. g3 Ba6 5. Qb3 Nc6 6. Nbd2 Bb7 7. e4 d5 8. cxd5
exd5 9. e5 Ne4 10. Bd3 Bb4 11. O-O O-O 12. Nxe4 dxe4 13. Bxe4 Nxd4 14. Nxd4
Bxe4 15. Qxb4 c5 16. Ne6 cxb4 17. Nxd8 Rfxd8 18. f3 Bf5 19. Bf4 Rd5 20. Rfd1
Rad8 21. Rxd5 Rxd5 22. Rc1 h6 23. h4 Be6 24. b3 g5 25. hxg5 hxg5 26. Bxg5 Rxe5
27. Bd2 Re2 28. Bxb4 Rxa2 29. Rc3 Rb2 30. Bd6 Bxb3 31. Be5 Be6 32. Ra3 Rb5 33.
Bf6 a5 34. g4 Kh7 35. Kf2 Kg6 36. Bd4 Rb4 37. Ke3 a4 38. Kd3 b5 39. Ra1 Bd5 40.
f4 Rb3+ 41. Kd2 a3 42. Re1 Rb4 43. Kc3 Rc4+ 44. Kd3 a2 45. g5 Rb4 0-1

[Event "Amber-blind 15th"]
[Site "Monte Carlo"]
[Date "2006.03.18"]
[Round "1"]
[White "Gelfand, Boris"]
[Black "Grischuk, Alexander"]
[Result "1/2-1/2"]
[WhiteElo "2723"]
[BlackElo "2717"]
[PlyCount "85"]
[EventDate "2006.03.18"]
[EventType "tourn (rapid)"]
[EventRounds "11"]
[EventCountry "MNC"]
[EventCategory "19"]
[Source "ChessBase"]
[SourceDate "2006.05.09"]

1. d4 Nf6 2. c4 e6 3. Nf3 b6 4. g3 Bb4+ 5. Bd2 a5 6. Bg2 Ba6 7. Ne5 Ra7 8. O-O
O-O 9. Bg5 Be7 10. Qc2 h6 11. Bf4 Qc8 12. Rd1 c5 13. d5 d6 14. Nc6 Nxc6 15.
dxc6 d5 16. cxd5 exd5 17. Nc3 d4 18. Na4 Bb5 19. Nxb6 Qa6 20. Nd5 Nxd5 21. Bxd5
Rd8 22. Qf5 Rxd5 23. Qxd5 Bxc6 24. Qh5 Bf8 25. Rac1 Ba8 26. Rd2 Qe6 27. Qe5 Qd7
28. Qb8 Bc6 29. Rxc5 Rb7 30. Qe5 f6 31. Qf5 Bxc5 32. Qxc5 Rb5 33. Qxd4 Qxd4 34.
Rxd4 Rxb2 35. Rc4 Bb5 36. Rc8+ Kh7 37. Rb8 Rb1+ 38. Kg2 Bc6+ 39. f3 Ra1 40. Rb2
Bd5 41. Rb5 Bf7 42. Rxa5 Rxa2 43. Rxa2 1/2-1/2

[Event "Amber-blind 15th"]
[Site "Monte Carlo"]
[Date "2006.03.25"]
[Round "7"]
[White "Ivanchuk, Vassily"]
[Black "Anand, Viswanathan"]
[Result "0-1"]
[WhiteElo "2729"]
[BlackElo "2792"]
[PlyCount "50"]
[EventDate "2006.03.18"]
[EventType "tourn (rapid)"]
[EventRounds "11"]
[EventCountry "MNC"]
[EventCategory "19"]
[Source "ChessBase"]
[SourceDate "2006.05.09"]

1. d4 Nf6 2. c4 e6 3. Nf3 b6 4. g3 Ba6 5. Nbd2 d5 6. Bg2 Bd6 7. O-O O-O 8. b3
Nbd7 9. Bb2 c5 10. Re1 Rc8 11. e4 Nxe4 12. Nxe4 dxe4 13. Rxe4 Nf6 14. Rh4 Bb7
15. dxc5 Bxc5 16. Qc2 h6 17. Ng5 Bxf2+ 18. Qxf2 Bxg2 19. Qc2 Re8 20. Rd1 Qxd1+
21. Qxd1 hxg5 22. Rd4 Bc6 23. Rd6 Ne4 24. Qd4 e5 25. Qxe5 Rxe5 0-1

[Event "Dos Hermanas Internet f 7th"]
[Site "Internet Chess Club"]
[Date "2006.03.25"]
[Round "3.3"]
[White "Doettling, Fabian"]
[Black "Carlsen, Magnus"]
[Result "1-0"]
[WhiteElo "2542"]
[BlackElo "2625"]
[PlyCount "93"]
[EventDate "2006.03.24"]
[EventType "k.o. (blitz)"]
[EventRounds "5"]
[Source "ChessBase"]
[SourceDate "2006.05.09"]

1. d4 Nf6 2. Nf3 e6 3. c4 b6 4. a3 Ba6 5. Qc2 Bb7 6. Nc3 c5 7. dxc5 bxc5 8. Bf4
Be7 9. Rd1 O-O 10. e3 Bxf3 11. gxf3 Nc6 12. Be2 Qb6 13. O-O Rfd8 14. Rd2 Nh5
15. Bg3 f5 16. f4 Nf6 17. Bf3 Rab8 18. Rfd1 Na5 19. Qa4 Nb3 20. Rd3 Qa5 21. Bh4
Qxa4 22. Nxa4 d6 23. Bxf6 gxf6 24. Kf1 Na5 25. Rc1 Rb3 26. Ke2 Rdb8 27. Rxb3
Nxb3 28. Rg1+ Kf8 29. Kd3 Na5 30. Kc3 Rb3+ 31. Kc2 Rb8 32. Be2 Kf7 33. Rb1 Nc6
34. Bh5+ Kf8 35. Bf3 Na5 36. Be2 Nc6 37. Nc3 Bd8 38. Rd1 Be7 39. Nb5 Rd8 40.
Bf3 Na5 41. Nc7 Rb8 42. Nxe6+ Ke8 43. Bd5 Nb7 44. Rg1 Kd7 45. Ng7 Nd8 46. Nxf5
Bf8 47. Rg8 1-0

[Event "Moscow-ch final"]
[Site "Moscow"]
[Date "2006.03.25"]
[Round "1"]
[White "Riazantsev, Alexander"]
[Black "Grigoriants, Sergey"]
[Result "1/2-1/2"]
[WhiteElo "2594"]
[BlackElo "2550"]
[PlyCount "86"]
[EventDate "2006.03.25"]
[EventType "tourn"]
[EventRounds "7"]
[EventCountry "RUS"]
[EventCategory "14"]
[Source "ChessBase"]
[SourceDate "2006.05.09"]

1. d4 Nf6 2. c4 e6 3. Nf3 b6 4. g3 Ba6 5. Qb3 Bb7 6. Bg2 c5 7. d5 exd5 8. Nh4
g6 9. cxd5 d6 10. O-O Bg7 11. Qe3+ Qe7 12. Qxe7+ Kxe7 13. Nc3 Na6 14. e4 Nb4
15. e5 Ne8 16. Bg5+ f6 17. exf6+ Bxf6 18. Rae1+ Kf7 19. Ne4 Bxd5 20. Bxf6 Nxf6
21. Nxd6+ Kf8 22. a3 Nc6 23. Bxd5 Nxd5 24. Nf3 Rd8 25. Nc4 Nc7 26. Nce5 Nxe5
27. Rxe5 Rg8 28. b4 cxb4 29. axb4 Rg7 30. Ra1 a6 31. Rc1 Rd6 32. Ng5 Rgd7 33.
Kg2 Kg7 34. h4 h6 35. Ne4 Rd4 36. Rc6 Rxb4 37. h5 gxh5 38. Nf6 Rf7 39. Nxh5+
Kh7 40. Nf6+ Kg7 41. Nh5+ Kh7 42. Nf6+ Kg7 43. Nh5+ Kh7 1/2-1/2

[Event "Moscow-ch final"]
[Site "Moscow"]
[Date "2006.03.30"]
[Round "6"]
[White "Rustemov, Alexander"]
[Black "Grigoriants, Sergey"]
[Result "1/2-1/2"]
[WhiteElo "2573"]
[BlackElo "2550"]
[PlyCount "33"]
[EventDate "2006.03.25"]
[EventType "tourn"]
[EventRounds "7"]
[EventCountry "RUS"]
[EventCategory "14"]
[Source "ChessBase"]
[SourceDate "2006.05.09"]

1. d4 Nf6 2. Nf3 e6 3. c4 b6 4. g3 Ba6 5. Qa4 Bb7 6. Bg2 c5 7. dxc5 Bxc5 8. O-O
Be7 9. Nc3 Na6 10. Bf4 O-O 11. Rfd1 Nc5 12. Qc2 Qc8 13. Nb5 Nce4 14. Nc7 Rb8
15. Nb5 Ra8 16. Nc7 Rb8 17. Nb5 1/2-1/2

[Event "EU-ch 7th"]
[Site "Kusadasi"]
[Date "2006.04.05"]
[Round "2"]
[White "Arutinian, Davit"]
[Black "Macieja, Bartlomiej"]
[Result "1/2-1/2"]
[WhiteElo "2507"]
[BlackElo "2585"]
[PlyCount "37"]
[EventDate "2006.04.04"]
[EventType "swiss"]
[EventRounds "11"]
[EventCountry "TUR"]
[Source "ChessBase"]
[SourceDate "2006.05.09"]

1. d4 Nf6 2. c4 e6 3. Nf3 b6 4. Nc3 Bb7 5. Bg5 h6 6. Bh4 Be7 7. e3 O-O 8. Bd3
c5 9. O-O cxd4 10. Nxd4 Na6 11. Rc1 Nc5 12. Bb1 Nfe4 13. Bxe7 Qxe7 14. Bxe4
Nxe4 15. Nxe4 Bxe4 16. f3 Bc6 17. Qe2 Bb7 18. Rfd1 Rfd8 19. Nb5 1/2-1/2